| 000 | 00524nam a22001937a 4500 | ||
|---|---|---|---|
| 999 |
_c525837 _d525837 |
||
| 003 | NUST | ||
| 020 | _qPB/K | ||
| 038 | _aFaiza | ||
| 082 |
_a891.4911 _bRAS |
||
| 100 |
_aRasool, Ghulam _916780 |
||
| 245 |
_aHazrat Amir Hamza / _cGhulam Rasool |
||
| 250 | _a2nd ed. | ||
| 260 |
_aLahore : _bUmar Book Center, _cn.d. |
||
| 300 | _a268 p. ; | ||
| 880 |
_6100-01\r _aغلام رسول |
||
| 880 |
_6245-02\r _aحضرت امیر حمزہ / |
||
| 880 |
_6260-03\r _aلاہور : _bعُمر بُک سنٹر, |
||
| 942 |
_2ddc _cBK |
||